Guess the American City by Picture - Statistics

General Stats
  • This quiz has been taken 30 times
  • The average score is 6 of 16
Answer Stats
Picture Answer % Correct
Denver
96%
New York City
85%
Las Vegas
69%
Anchorage
65%
New Orleans
50%
Phoenix
46%
Dallas
38%
San Francisco
38%
Seattle
35%
Detroit
27%
Albuquerque
19%
Minneapolis
19%
Nashville
19%
San Diego
15%
Milwaukee
8%
Oklahoma City
8%
No matching quizzes found
Score Distribution
Percent of People with Each Score
Percentile by Number Answered
Your Score History
You have not taken this quiz